| 000 | 00363nam a2200133Ia 4500 | ||
|---|---|---|---|
| 008 | 150202s9999 xx 000 0 und d | ||
| 020 | _a6176744 | ||
| 050 |
_aFIC _bFIC |
||
| 100 | _aInnes, Hammond. | ||
| 245 |
_aMedusa / _cHammond Innes. |
||
| 260 |
_aGreat Britain : _bWilliam Collins Sons & Co., _c1988. |
||
| 300 |
_a350 pages : _c18 cm. |
||
| 650 | _aFiction. | ||
| 999 |
_c282120 _d282120 |
||